Janet Jackson Charting Songs (Billboard Club Play) - Statistics

General Stats
  • This quiz has been taken 16 times
  • The average score is 24 of 39
Answer Stats
Album Weeks On Peak Artist(s) Song % Correct
Janet Jackson's Rhythm Nation 1814 7 Weeks #17 Janet Jackson Black Cat
93%
Janet Jackson's Rhythm Nation 1814 12 Weeks #1 (3 Weeks) Janet Jackson Rhythm Nation
93%
Control 11 Weeks #1 (3 Weeks) Janet Jackson Control
86%
Control 9 Weeks #18 Janet Jackson Control
86%
Janet Jackson's Rhythm Nation 1814 11 Weeks #1 (3 Weeks) Janet Jackson Escapade
86%
Janet 11 Weeks #1 (2 Weeks) Janet Jackson If
86%
HIStory: Past, Present and Future, Book I 11 Weeks #1 (2 Weeks) Michael Jackson & Janet Jackson Scream
86%
Control 10 Weeks #1 (2 Weeks) Janet Jackson The Pleasure Principle
86%
The Velvet Rope 13 Weeks #1 (1 Week) Janet Together Again
86%
All for You 13 Weeks #1 (3 Weeks) Janet All for You
79%
Control 13 Weeks #2 Janet Jackson Nasty
79%
Janet 11 Weeks #1 (1 Week) Janet Jackson That's The Way Love Goes
79%
Control 12 Weeks #2 Janet Jackson What Have You Done For Me Lately
79%
Janet Jackson's Rhythm Nation 1814 11 Weeks #1 (2 Weeks) Janet Jackson Alright
71%
Discipline 14 Weeks #1 (1 Week) Janet Feedback
71%
Janet Jackson's Rhythm Nation 1814 13 Weeks #4 Janet Jackson Love Will Never Do (Without You)
71%
Janet Jackson's Rhythm Nation 1814 11 Weeks #1 (2 Weeks) Janet Jackson Miss You Much
71%
Design of a Decade 1986/1996 13 Weeks #8 Janet Jackson Runaway
71%
20 Y.O. 14 Weeks #1 (1 Week) Janet ft. Khia So Excited
71%
Non-Album Single 12 Weeks #1 (1 Week) Janet & Daddy Yankee Made for Now
64%
All for You 12 Weeks #7 Janet ft. Missy Elliott, P. Diddy & Carly Simon Son of a Gun
64%
The Velvet Rope 11 Weeks #6 Janet ft. Q-Tip & Joni Mitchell Got 'Til It's Gone
57%
Number Ones 14 Weeks #1 (1 Week) Janet Make Me
57%
All for You 12 Weeks #1 (1 Week) Janet Someone To Call My Lover
57%
Janet 12 Weeks #9 Janet Jackson You Want This
57%
Damita Jo 12 Weeks #1 (1 Week) Janet Jackson All Nite (Don't Stop)
50%
20 Y.O. 14 Weeks #2 Janet & Nelly Call On Me
50%
The Velvet Rope 12 Weeks #1 (1 Week) Janet Go Deep
50%
Damita Jo 12 Weeks #1 (1 Week) Janet Jackson Just a Little While
50%
Janet Jackson's Rhythm Nation 1814 10 Weeks #9 Janet Jackson State of the World
50%
Mo' Money 12 Weeks #3 Luther Vandross & Janet Jackson The Best Things In Life...
50%
Janet 13 Weeks #2 Janet Jackson Throb
50%
Janet 13 Weeks #4 Janet Jackson Because of Love
43%
Discipline 10 Weeks #20 Janet Rock With U
43%
Janet Jackson 10 Weeks #11 Janet Jackson Say You Do
29%
Dream Street 11 Weeks #23 Janet Jackson Don't Stand Another Chance
14%
Janet Jackson 7 Weeks #30 Janet Jackson Give Give Your Love To Me
0%
Non-Album Single 11 Weeks #3 Janet Jackson Janet Megamix 04 (Chris Cox Remix)
0%
Control 11 Weeks #1 (3 Weeks) Janet Jackson When I Think About You
0%
No matching quizzes found
Score Distribution
Percent of People with Each Score
Percentile by Number Answered
Your Score History
You have not taken this quiz